Statistiques concernant Toutes les participantes à Drag Race France

Cliquez ici pour prendre le quiz!

Statistiques générales

  • Ce quiz a été pris 236 fois
    (30 depuis la dernière actualisation)
  • Le résultat moyen est 24 sur 31

Statistiques - réponses

Saison 1% Correct
Paloma
96%
Kam Hugh
92%
La Grande Dame
92%
Punani
92%
Rose
92%
Soa de Muse
92%
Cookie Kunty
88%
Ginger Bitch
88%
Keiona
88%
La Big Bertha
88%
Lolita Banana
88%
Mami Watta
88%
Elips
83%
La Briochée
83%
Moon
83%
Piche
83%
Sara Forever
83%
Vespi
83%
Kitty Space
79%
La Kahena
79%
Le Filip
79%
Lova Ladiva
79%
Afrodite Amour
71%
Leona Winter
67%
Magnetica
63%
Misty Phoenix
63%
Norma Bell
63%
Ruby on the Nail
63%
Perseo
58%
Edeha Noire
54%
Lula Strega
50%

Distribution des résultats

Percentile par nombre de réponses

% des personnes avec chaque résultat

Votre développement - résultats

Vous n’avez pas pris ce quiz depuis la dernière actualisation